书目信息 |
| 题名: |
管理心理学教程
|
|
| 作者: | 周瑛 , 邱珂 编 | |
| 分册: | ||
| 出版信息: | 北京 警官教育出版社 1997 |
|
| 页数: | 311页 | |
| 开本: | 20cm | |
| 丛书名: | ||
| 单 册: | ||
| 中图分类: | C93-05 | |
| 科图分类: | 29.154038 | |
| 主题词: | 管理心理学--教材 | |
| 电子资源: | ||
| ISBN: | 7-81027-888-6 | |
| 000 | 00625nam0 2200229 45 | |
| 001 | 0198020854 | |
| 005 | 20070714112306.12 | |
| 010 | @a7-81027-888-6@dCNY15.80 | |
| 100 | @a19980414d1997 em y0chiy0121 ea | |
| 101 | 0 | @achi |
| 102 | @aCN@b110000 | |
| 105 | @ay z 000yy | |
| 200 | 10 | @a管理心理学教程@Aguan li xin li xue jiao cheng@f周瑛,邱珂[编] |
| 210 | @a北京@c警官教育出版社@d1997 | |
| 215 | @a311页@d20cm | |
| 606 | @a管理心理学@x教材 | |
| 690 | @aC93-05@v3 | |
| 692 | @a29.154038@v2 | |
| 701 | 0 | @a周瑛@Azhou ying@4编 |
| 701 | 0 | @a邱珂@Aqiu ke@4编 |
| 801 | 0 | @aCN@bTSSF@c20070714 |
| 905 | @a10447@dC93-05@e356 | |
| 管理心理学教程/周瑛,邱珂[编].-北京:警官教育出版社,1997 |
| 311页;20cm |
| ISBN 7-81027-888-6:CNY15.80 |
| ● |
| 相关链接 |
|
|
|
|
正题名:管理心理学教程
索取号:C93-05/356
 
预约/预借
| 序号 | 登录号 | 条形码 | 馆藏地/架位号 | 状态 | 备注 |
| 1 | 0768104 | 207681043 | 第一样本阅览室/ [索取号:C93-05/356] | 在馆 |